Everything Everywhere - The Orange T-Mobile Merger Quiz Stats

 Plays Quiz not verified by Sporcle

Challenge
Share
Tweet
Embed
Score 0/15 Timer 05:00
0 Plays Today
Hint % Correct
Who is the CEO of Everything EverywhereOlaf Swantee
66.7%
What type of merger took place?Horizontal
66.7%
Who are their two main competitors in the UK?Vodafone and O2
66.7%
The UK government at the time of the merger had a '___ ___' agenda.Digital Britain
66.7%
The EU Commission allowed the deal. What does the EU stand for?European Union
66.7%
Name a famous boardgame that was also an issue that the UK Government were concerned about?Monopoly
66.7%
With the merger between Orange and T-Mobile, who was the market leader they overtook?Vodafone
66.7%
What month and year did Orange and T-Mobile merge? (Month Year)September 2010
66.7%
Hint % Correct
What was the combined market share?37%
33.3%
One of the motives for the merger was savings, but of how much?£3.5bn
33.3%
In September 2010 how many people lost their jobs?1500
33.3%
In November 2011 how many more redundancies were announced?550
33.3%
How many UK outlets are there in the UK as a result of the merger?700
33.3%
What was the market share predicted to rise to in 3 years?41%
33.3%
What is the culture of the business?Task culture
33.3%

You're not logged in!

Compare scores with friends on all Sporcle quizzes.
OR
Log In

You Might Also Like...

Show Comments

Extras

Created May 23, 2012ReportNominate
Tags:everything, orange

Top Quizzes Today


Score Distribution

Your Account Isn't Verified!

In order to create a playlist on Sporcle, you need to verify the email address you used during registration. Go to your Sporcle Settings to finish the process.

Report this User

Report this user for behavior that violates our Community Guidelines.

Details: